01056cam a22002412 450000100060000000300080000600500170001400800410003103500190007204000370009104100080012808200180013610000330015424500800018725000250026726000430029230000250033549000890036050501360044965000530058570000330063883001430067151334BD-RjUL20211209075637.0160830s1964 xx 000 0 ger u a(BD-RjUL)51454 cYNGdOCLdHDCdEQOaBD-RjULbeng aeng a515bPOA 19641 aPólya, George,d1887-1985.00aAufgaben und Lehrsätze aus der Analysis /cvon G. Pólya und G. Szegö. a3. berichtigte Aufl. aBerlin ;aNew York :bSpringer,c1964. axiv 338 p. ;c24 cm.1 aDie Grundlehren der mathematischen Wissenschaften in Einzeldarstellungen,vBd. 19-200 a1. Bd. Reihen. Integralrechnung. Funktionentheorie.--2. Bd. Funktionentheorie. Nullstellen. Polynome. Determinanten. Zahlentheorie. 0aMathematical analysisxProblems, exercises, etc.1 aSzegő, Gábor,d1895-1985 0aGrundlehren der mathematischen Wissenschaften in Einzeldarstellungen mit besonderer Berücksichtigung der Anwendungsgebiete ;vBd. 19-20.